|
|
|
|
| LEADER |
00000nam a2200000 i 4500 |
| 001 |
1/16298 |
| 008 |
980731s1998 eng d |
| 020 |
|
|
|a 0-471-30352-6
|
| 035 |
|
|
|l 10020145
|
| 040 |
|
|
|a GR-MY-UA
|b gre
|e aacr
|
| 041 |
0 |
|
|a eng
|
| 082 |
0 |
|
|a 658.4012
|
| 245 |
1 |
0 |
|a Learning from the future :
|b competitive foresight scenarios /
|c Editors: Liam Fahey; Robert M. Randall
|
| 260 |
|
|
|a New York :
|b Wiley,
|c c1998
|
| 300 |
|
|
|a 446 p.
|b fig.; tabl.
|
| 504 |
|
|
|a Includes index
|
| 650 |
0 |
0 |
|a Business planning.
|
| 650 |
0 |
0 |
|a Organizational effectiveness.
|
| 650 |
0 |
0 |
|a Competition.
|
| 700 |
0 |
|
|a Fahey, Liam
|d 1951-
|4 edt
|
| 700 |
0 |
|
|a Randall, Robert M.
|d 1940-
|
| 852 |
|
|
|a INST
|b LESVOS
|e 19980731
|h 658.4012 LEA
|p 005100013353
|q 005100013353
|t BK
|y 0
|
| 901 |
|
|
|a BIBL-1998-3
|
| 909 |
|
|
|a Λ
|b 058560
|
| 922 |
|
|
|a 1ΕΛΗ
|b 199807
|c ΚΠΣ/ΤΠ
|d ΠΑΠΑΣΩΤΗΡΙΟΥ
|
| 950 |
|
|
|a 107-1998-05-19
|